00301cam a22001217a 4500008004000000020001800040082001200058100001600070245003800086260003600124300001000160650000900170180718b1999 xxu||||| |||| 00| 0 eng d a81 7055 637 6 aA3 T594 aTomar, Alok aEk hara bhara akalcby Alok Tomar aNew DelhibVani Prakashanc1999 a234p. aAkal